01144cam a2200301 a 450000100060000000300080000600500170001400800410003102000150007203500190008704000440010604100080015008200220015810000350018024501370021526000960035230000300044849000490047850000430052750401000057065000140067065000190068465000200070365000150072370000440073870000200078283000400080232282BD-RjUL20211209051819.0140424s1984 onc b 001 0 eng d a0802056296 a(BD-RjUL)32371 aDLCcDLCdDLCdOCoLCdDLCdBD-RjULbeng aeng00a192219bMIE 19841 aMill, John Stuart,d1806-1873.10aEssays on equality, law, and education /cby John Stuart Mill ; editor of the text, John M. Robson ; introduction by Stefan Collini. aToronto ;aBuffalo :bUniversity of Toronto Press ;aLondon :bRoutledge & K. Paul,cc1984. alxxxiii, 502 p. ;c25 cm. 0aCollected works of John Stuart Mill ;vv. 21 aIncludes texts by Harriet Taylor Mill. a"Bibliographic index of persons and works cited, with variants and notes": p. 439-489 and index 0aEquality. 0aJurisprudence. 0aUtilitarianism. 0aEducation.1 aMill, Harriet Hardy Taylor,d1807-1858.1 aRobson, John M. 1aCollected works of John Stuart Mill